00350nam a22001337a 450000500170000000800410001702000150005804000130007308200280008610000180011424500370013226000360016930000110020520171018114126.0171018b xxu||||| |||| 00| 0 eng d a0140129855 cPK-LaUMT aPKAC 306.0899274bBIN-M aBinur , Yoram aMy enemy, my self/cYoram Binur  aNew York:bPenguin books,c1989 a215 p.